| 000 | 01477 a2200337 4500 | ||
|---|---|---|---|
| 003 | OSt | ||
| 005 | 20180116192356.0 | ||
| 008 | 120612t xxu||||| |||| 00| 0 eng d | ||
| 010 | _a 2007031847 | ||
| 020 | _a9780226500973 (cloth : alk. paper) | ||
| 020 | _a0226500977 (cloth : alk. paper) | ||
| 035 | _a(OCoLC)ocn163604442 | ||
| 035 | _a(OCoLC)163604442 | ||
| 040 | _c0 | ||
| 082 | 0 | 0 | _a598.1564 |
| 100 | 1 |
_aMacnamara, Peggy. _94375 |
|
| 245 | 1 | 0 |
_aArchitecture by birds and insects : _ba natural art / _cwritten and iIllustrated by Peggy Macnamara ; contributors, John M. Bates and James H. Boone ; with a foreword by David Quammen. |
| 260 |
_aChicago : _bUniversity of Chicago Press : _bIn association with the Field Museum, _c2008. |
||
| 300 |
_axxi, 141 p. : _bcol. ill. ; _c16 x 24 cm. |
||
| 650 | 1 | 0 |
_aBirds _xNests. _94376 |
| 650 | 1 | 0 |
_aBirds _xNests _94377 |
| 650 | 1 | 0 |
_aInsects _xHabitations. _94378 |
| 650 | 1 | 0 |
_aInsects _xHabitations _94379 |
| 700 | 1 |
_aBates, John, _d1951- _94380 |
|
| 700 | 1 |
_aBoone, James H. _94381 |
|
| 856 | 4 | 1 |
_3Table of contents only _uhttp://www.loc.gov/catdir/enhancements/fy0801/2007031847-t.html |
| 856 | 4 | 1 |
_3Contributor biographical information _uhttp://www.loc.gov/catdir/enhancements/fy0827/2007031847-b.html |
| 856 | 4 | 1 |
_3Publisher description _uhttp://www.loc.gov/catdir/enhancements/fy0827/2007031847-d.html |
| 942 |
_aSADA _cBK _k598.1564 MAC 2008 _2ddc |
||
| 999 |
_c353130 _d353130 |
||